000
00332 a2200157 4500
001
169153
020
_a
040
_c
Magnum
100
_a
Apple, Michael W.
240
1
0
_a
Politica cultural e educacao
_l
por
245
1
0
_a
Politica cultural e educacao
362
0
_a
1899
440
1
_a
Cortez
697
_a
ENSINO
942
_c
BK
999
_c
169153
_d
169153